000 00485nam a2200181Ia 4500
005 20250508160517.0
008 008 250505s9999 xx 000 0 eng d
037 _aTextual
040 _aFEDL
_beng
_cFEDL
041 _aeng
_2eng
084 _a211.6, SHA
_qFEDL
100 _aShah A. B.
245 0 _aChallenges to secularism
260 _aBombay, India
_bNachiketa Publications
_c1968
300 _a60p.
942 _cTEXL
_h211.6, SHA
999 _c1365070
_d1365070